<?xml version="1.0" encoding="UTF-8"?>
<record
    xmlns:xsi="http://www.w3.org/2001/XMLSchema-instance"
    xsi:schemaLocation="http://www.loc.gov/MARC21/slim http://www.loc.gov/standards/marcxml/schema/MARC21slim.xsd"
    xmlns="http://www.loc.gov/MARC21/slim">

  <leader>00835nam a22001697a 4500</leader>
  <controlfield tag="003">NUST</controlfield>
  <controlfield tag="005">20251008185930.0</controlfield>
  <datafield tag="020" ind1=" " ind2=" ">
    <subfield code="a">0863188079</subfield>
  </datafield>
  <datafield tag="082" ind1=" " ind2=" ">
    <subfield code="a">621.3,BIE</subfield>
  </datafield>
  <datafield tag="100" ind1=" " ind2=" ">
    <subfield code="a">Biesty's, Stephen</subfield>
    <subfield code="9">131052</subfield>
  </datafield>
  <datafield tag="245" ind1=" " ind2=" ">
    <subfield code="a">Incredible Cross-Sections /</subfield>
    <subfield code="b">Stephen Biesty's </subfield>
  </datafield>
  <datafield tag="260" ind1=" " ind2=" ">
    <subfield code="a">Dorling Kindersley</subfield>
    <subfield code="b">London</subfield>
    <subfield code="c">1992</subfield>
  </datafield>
  <datafield tag="300" ind1=" " ind2=" ">
    <subfield code="a">48 p</subfield>
    <subfield code="b">18 Amazing Buildings and Machines </subfield>
  </datafield>
  <datafield tag="505" ind1=" " ind2=" ">
    <subfield code="a">Castle (Page-4), Observatory (Page-6), Galleon (Page-8), Ocean Linear (Page-10), Submarine (Page-16), Coal Mine (Page-18), Tank (Page-20), Oil Rig (Page-22), Cathedral (Page-24), Jumbo Jet (Page-26), Car Factory (Page-28), Helicopter (Page-30), Opera House (Page-32), Steam Train (Page-34), Subway Station (Page-40), Fishing Trawler (Page-42), Empire State (Page-44), Space Shuttle (Page-46).</subfield>
  </datafield>
  <datafield tag="650" ind1=" " ind2=" ">
    <subfield code="a">Incredible</subfield>
    <subfield code="9">131053</subfield>
  </datafield>
  <datafield tag="942" ind1=" " ind2=" ">
    <subfield code="2">ddc</subfield>
    <subfield code="c">BK</subfield>
  </datafield>
  <datafield tag="999" ind1=" " ind2=" ">
    <subfield code="c">615129</subfield>
    <subfield code="d">615129</subfield>
  </datafield>
  <datafield tag="952" ind1=" " ind2=" ">
    <subfield code="0">0</subfield>
    <subfield code="1">0</subfield>
    <subfield code="2">ddc</subfield>
    <subfield code="4">0</subfield>
    <subfield code="7">0</subfield>
    <subfield code="a">MCS</subfield>
    <subfield code="b">MCS</subfield>
    <subfield code="c">GEN</subfield>
    <subfield code="d">2025-10-08</subfield>
    <subfield code="l">0</subfield>
    <subfield code="o">621.3,BIE</subfield>
    <subfield code="p">MCS34550</subfield>
    <subfield code="r">2025-10-08</subfield>
    <subfield code="w">2025-10-08</subfield>
    <subfield code="y">BK</subfield>
    <subfield code="z">Almirah No.76, Shelf No.2</subfield>
  </datafield>
</record>
